| 000 | 00633nam a22001937a 4500 | ||
|---|---|---|---|
| 003 | NUST - PNEC | ||
| 005 | 20170116181206.0 | ||
| 008 | 161121b xxu||||| |||| 00| 0 eng d | ||
| 020 | _a9789694074160 | ||
| 040 | _cPNEC | ||
| 082 | _a954.03 AZM | ||
| 100 |
_916872 _aAzmat Wali |
||
| 245 | _aConspiracy against Pakistan | ||
| 260 |
_aKarachi, Pakistan _bRoyal Book Company _cc.2013 |
||
| 300 |
_a256p: _bill _c22 cm |
||
| 500 | _ahttps://www.amazon.com/Conspiracy-Against-Pakistan-Azmat-Wali/dp/9694074169/ref=sr_1_1?ie=UTF8&qid=1479720003&sr=8-1&keywords=Conspiracy+against+Pakistan | ||
| 650 | _xPolitics | ||
| 942 |
_2ddc _cBK |
||
| 999 |
_c71656 _d71656 |
||